| 000 | 01599nam a22003017a 4500 | ||
|---|---|---|---|
| 999 |
_c22517 _d22517 |
||
| 003 | AR-CdUCM | ||
| 008 | 190409b ||||| |||| 00| 0 spa d | ||
| 040 |
_aMUNICIPALIDAD PROVINCIAL DEL CUSCO _cBIBLIOTECA MUNICIPAL DEL CUSCO |
||
| 082 |
_a398.2098/M6 _bM6 _2segunda |
||
| 110 |
_aMinisterio de Cultura Perú _948332 |
||
| 245 |
_aTradición oral aymara : _bBolivia, Chile y Perú / |
||
| 260 |
_aCusco : _bCRESPIAL, _c2017. |
||
| 300 |
_a3 v. _bilustraciones en color. ; _c15 cm. |
||
| 500 | _aElaborado en el marco del proyecto "Salvaguardia del Patrimonio Cultural Inmaterial de las comunidades Aymara de Bolivia, Chile y Perú", con el fin de visibilizar la tradición oral de los tres países. Volúmenes, folleto sin CD ROM en estuche. | ||
| 505 | _aContenido: v.1. Chile / investigación y recopilación, Javiera Maino, Magdalena Pereira y Andro Schampke -- v.2. Bolivia / investigación y textos, Dolores Charaly Mayorga, Johnny Guerreros Burgoa y Richard Mujica Angulo -- v.3. Perú / investigación y textos, Pedro Roel Mendizábal. | ||
| 650 |
_aTradición oral _92031 |
||
| 650 |
_aCuentos folclóricos _914448 |
||
| 650 |
_aIndígenas aimaras _931188 |
||
| 650 |
_aVida y costumbres sociales _9857 |
||
| 650 |
_aAmérica Latina _948397 |
||
| 700 |
_aRoel Mendizábal, Pedro _948327 |
||
| 700 |
_aCharaly Mayorga, Dolores _948398 |
||
| 700 |
_aMujica Angulo, Richard _948399 |
||
| 700 |
_aGuerreros Burgoa, Johnny _948400 |
||
| 710 |
_aCentro Regional para la Salvaguardia del Patrimonio Cultural Inmaterial de América Latina _948401 |
||
| 942 |
_2ddc _cLIBROS |
||
| 945 | _arac | ||